| 000 | 00450nam a2200193Ia 4500 | ||
|---|---|---|---|
| 999 |
_c53184 _d53184 |
||
| 003 | 0100 | ||
| 005 | 20190327105335.0 | ||
| 008 | 130303s9999 xx 000 0 und d | ||
| 040 | _cARRUPELIB | ||
| 050 | _aBP161.G87 1954 | ||
| 100 |
_aGuillaume, Alfred _945361 |
||
| 245 |
_aIslam _cAlfred Guillaume |
||
| 250 | _a2nd ed. | ||
| 260 |
_aMiddlesex _bPenguin Books _c1956 |
||
| 300 |
_a209p. ; _c18cm. |
||
| 650 |
_aIslam _945362 |
||
| 942 |
_2lcc _cMONOGRAPH |
||